1558. Der Beginn des Livländischen Krieges

Titel: 1558. Der Beginn des Livländischen Krieges
Verfasser:
In: Ostdeutsche Gedenktage, (2008), Seite 233-237, Abb.
alle Artikel anzeigen
Veröffentlicht: 2008
Format: Aufsatz
Sprache: Deutsch
Schlagworte:
Kein Bild verfügbar
X
alg: 39222739
001A    $01999:11-11-16 
001B    $03025:13-03-26 $t15:27:08.000 
001C    $06050:19-11-16 $t09:17:29.000 
001D    $01999:11-11-16 
001U    $0utf8 
001X    $00 
002@    $0Aox 
003@    $0392227398 
007A    $0392227398 $aHEB 
007T    $0Herdc0053530m 
010@    $ager 
011@    $a2008 
021A    $a1558. Der @Beginn des Livländischen Krieges 
028A    $#Angermann, Norbert $7119405121 $8Angermann, Norbert$Z1936- [Tp1] $9087744902 
031A    $h233-237, Abb. $j2008 
039B    $aIn $8--Abvc--. Ostdeutsche Gedenktage. - Bonn : Kulturstiftung der Vertriebenen, 1965-[2018] $x200800000000000767 $9047761881 
044K    $RKrieg $#Livonskaja vojna $74167979-9 $8Livländischer Krieg [Ts1] $9085760803 
045F    $a355.0094798 $eDDC23BSB 
045F/01 $a355.009 
045F/03 $g4798 
045F/03 $g4796 
045T    $a8,1 

lok: 39222739 78

exp: 39222739 78 1 #EPN
201B/01 $019-04-17 $t11:06:22.000 
201U/01 $0utf8 
203@/01 $0788323679 
208@/01 $a11-11-16 $be 
209A/01 $a/ $f000 $x00 
220C/01 $aTitelaufnehmer: cs 
220C/01 $aHerkunft: HI Marburg 
244Z/01 $2Trx $#Latvija $#Lettland $#Łotwa $#Lotyšsko $8--Trx--Latvija $x01 $9391275879 
244Z/01 $2Trx $#Estija $#Igaunija $#Estland $#Estonia $#Estonia $#Estónsko $#Estonsko $8--Trx--Eesti $x02 $9391237225 
244Z/01 $aGeschichte 1558-1583 $x03 
244Z/01 $2Trx $#sõda, liivi, 1558-1583 $#Livonijos karas 1558-1583 $#Livonian war 1558-1583 $#háború, Livóniai 1558-1583 $#wojna inflancka 1558-1583 $#vojna livónska 1558-1583 $#válka livonská 1558-1583 $8--Trx--Krieg, Livländischer$g1558-1583 $x04 $939135843X 
244Z/01 $2Trx $8--Trx--Zeitschriftenaufsatz $x05 $9391384341 
245Z/01 $a07.06 $x01 
247C/01 $82080>Marburg/Lahn, Herder-Institut, Forschungsbibliothek, Bibliographieportal $9336309341
LEADER 00000caa a22000002c 4500
001 392227398
003 DE-603
005 20260313152708.0
007 tu
008 161111s2008 xx |||| | u00||u|ger c
035 |a (DE-599)HEB392227398 
040 |a DE-603  |b ger  |c DE-603  |d DE-603 
041 |a ger 
082 0 4 |8 1\u  |a 355.0094798  |q DE-101  |2 23/BSB 
084 |a 8,1  |2 ssgn 
085 |8 1\u  |b 355.009 
085 |8 1\u  |z 2  |s 4798 
085 |8 1\u  |z 2  |s 4796 
100 1 |a Angermann, Norbert  |d 1936-  |0 (DE-603)087744902  |0 (DE-588)119405121  |2 gnd 
245 0 0 |a ˜1558. Derœ Beginn des Livländischen Krieges 
264 0 |c 2008 
650 7 |a Livländischer Krieg  |0 (DE-588)4167979-9  |0 (DE-603)085760803  |2 gnd 
773 0 8 |i In  |t Ostdeutsche Gedenktage  |d Bonn : Kulturstiftung der Vertriebenen, 1965-[2018]  |g (2008), Seite 233-237, Abb.  |w (DE-603)047761881  |w (DE-600)521278-9 
924 0 |9 2080  |a (DE-603)788323679  |b DE-2080  |c HES  |d d  |g /